000 00827nam a22002772i 4500
001 33312
003 BD-RjUL
005 20211209052003.0
008 140508s1978 nyua b 001 0 eng d
020 _a0070371741
035 _a(BD-RjUL)33403
040 _aDLC
_cDLC
_dEQO
_dBD-RjUL
_beng
041 _aeng
082 0 0 _a301
_bLEH 1978
100 1 _aLenski, Gerhard,
_d1924-
_9101145
245 1 0 _aHuman societies :
_ban introduction to macrosociology /
_cGerhard Lenski, Jean Lenski
250 _a3d ed
260 _aNew York :
_bMcGraw-Hill,
_cc1978
300 _axii, 515 p. :
_bill. ;
_c25 cm
504 _aIncludes bibliographical references and indexes
650 0 _aMacrosociology
_9101146
650 0 _aSocial evolution
_96935
700 1 _aLenski, Jean.
_9101147
942 _2ddc
_cBK
999 _c33312
_d33312